01422nam a2200289 a 4500001000400000003001000004005001700014008004100031020001800072040002500090080002500115090002600140100005800166245017700224260003800401300002000439504002500459650005100484650003000535650002200565942001200587952013000599952013000729952013000859952013000989999001301119372BR-CuiBMT20231103131013.0231102s2018 mgba 000 0 por d a9788545004479 aBR-CuiBMTcBR-CuiBMT 22007a351.94:336.148 a351.94:336.148bS729e1 aSouza, Patrícia Verônica Nunes Carvalho Sobral de10aEscola de contas e o controle social na formação profissional /cPatrícia Verônica Nunes Carvalho Sobral de Souza ; prefácio Sebastião Helvecio Ramos de Castro. aBelo Horizonte :bFórum,c2018. a268 p. ;c22 cm aInclui bibliografia. aAdministração públicavEscolas de contas aFormação profissional aDireito público 2udccLV 00102udc4070aBIBTCEMTbBIBTCEMTd2023-11-02l0o351.94:336.148 S729epBIBTCEMT23110070r2023-11-02tEx. 1w2023-11-02yLV 00102udc4070aBIBTCEMTbBIBTCEMTd2019-08-15l0o351.94:336.148 S729epBIBTCEMT23110083r2023-11-03tEx. 2w2023-11-03yLV 00102udc4070aBIBTCEMTbBIBTCEMTd2019-11-01l0o351.94:336.148 S729epBIBTCEMT23110084r2023-11-03tEx. 3w2023-11-03yLV 00102udc4070aBIBTCEMTbBIBTCEMTd2019-11-01l0o351.94:336.148 S729epBIBTCEMT23110085r2023-11-03tEx. 4w2023-11-03yLV c372d372